Statistics for Hollywood Remakes

Click here to take the quiz!

General Stats

  • This quiz has been taken 23 times
  • The average score is 10 of 20

Answer Stats

Original Cast Year Remake Cast Year Answer % Correct
Frank Sinatra, Dean Martin1960George Clooney, Brad Pitt2001Ocean's Eleven
93%
Anthony Perkins, Janet Leigh1960Vince Vaughn, Anne Heche1998Psycho
93%
Fay Wray, Robert Armstrong1933Naomi Watts, Jack Black2005King Kong
87%
John Wayne, Kim Darby1969Jeff Bridges, Matt Damon2010True Grit
80%
Sissy Spacek, Piper Laurie1976Chloë Grace Moretz, Julianne Moore2013Carrie
73%
Jerry Lewis, Stella Stevens1963Eddie Murphy, Jada Pinkett Smith1996The Nutty Professor
60%
Donald Pleasence, Jamie Lee Curtis1978Malcolm McDowell, Tyler Mane2007Halloween
60%
Hayley Mills, Maureen O'Hara1961Lindsay Lohan, Dennis Quaid1998The Parent Trap
53%
Zero Mostel, Gene Wilder1967Nathan Lane, Matthew Broderick2005The Producers
47%
Bebe Daniels, Ricardo Cortez1931Humphrey Bogart, Mary Astor1941The Maltese Falcon
47%
Arnold Schwarzenegger, Sharon Stone1990Colin Farrell, Kate Beckinsale2012Total Recall
47%
Yul Brynner, Steve McQueen1960Denzel Washington, Chris Pratt2016The Magnificent Seven
40%
Wallace Beery, Barbara Bedford1920Daniel Day-Lewis, Madeleine Stowe1992The Last of the Mohicans
40%
Patrick Swayze, C. Thomas Howell1984Chris Hemsworth, Isabel Lucas2012Red Dawn
40%
Frank Sinatra, Laurence Harvey1962Denzel Washington, Liev Schreiber2004The Manchurian Candidate
33%
Michael Rennie, Patricia Neal1951Keanu Reeves, Jennifer Connelly2008The Day the Earth Stood Still
33%
Theodore Roberts, Charles De Rochefort1923Charlton Heston, Yul Brynner1956The Ten Commandments
33%
Edward Woodward, Christopher Lee1973Nicolas Cage, Ellen Burstyn2006The Wicker Man
27%
Peter Cook, Dudley Moore1967Brendan Fraser, Elizabeth Hurley2000Bedazzled
27%
Paul Douglas, Janet Leigh1951Danny Glover, Brenda Fricker1994Angels in the Outfield
13%

Score Distribution

Percentile by Number Answered

Percent of People with Each Score

Your Score History

You have not taken this quiz